000 01495cam a22005174i 4500
003 PE-LiUPU
005 20251128101211.0
008 150616s r 000 0 d
035 _a(Sirsi) a6257
035 _a(Sirsi) a6257
040 _aPE-LiUPU
_bspa
_cPE-LiUPU
_erda
049 _aPRUA
082 0 4 _a220.3
_bV695d
_221
100 1 _aVila, Samuel,
_eautor.
_97713
245 1 0 _aDiccionario Biblico Ilustrado :
_bSamuel Vila y Darío A. Santa María.
264 1 _aBarcelona :
_bCLIE,
_c1983.
300 _a1230 páginas :
_bIlustraciones (fotos a colores) ;
_c23 cm
336 _atext
_2rdacontent
337 _aunmediated
_2rdamedia
338 _avolume
_2rdacarrier
526 _aSEG44
526 _aSEG26
526 _aP151
526 _aP150
526 _aP149
526 _aP146
526 _aP145
526 _aP126
526 _aP125
526 _aP92
526 _aP75
526 _aP74
526 _aP27
526 _aP15
630 1 4 _aBiblia.
_vDiccionarios.
_95969
630 2 4 _aBiblia.
_xEnciclopedias.
_97714
630 2 4 _aBiblia
_xGeografía
_xDiccionarios.
_97710
650 2 4 _aPersonajes bíblicos
_xDiccionarios.
_97715
650 2 4 _aLugares bíblicos
_xDiccionarios.
_97716
650 2 0 _aArqueología bíblica
_xDiccionarios.
_97717
700 _aSanta María, Darío A.
_eautor.
_97718
910 _ajck
942 _2ddc
_cBK
980 _818226
_gJaime Vilcazán Jefe de Análisis Documental
999 _c57370
_d57370